Felmentették Mónus Áront az ügyész még gondolkodik /

Elmentve itt :
Bibliográfiai részletek
Szerzők: Szabó C. Szilárd
Mónus Áron
Dokumentumtípus: Cikk
Megjelent: 1993-12-09
Sorozat:Délmagyarország 83 No. 287
Kulcsszavak:Mónus Áron, Hódmezővásárhely
Online Access:http://dmarchiv.bibl.u-szeged.hu/86537
LEADER 00542nab a2200169 i 4500
001 delm86537
005 20191004084149.0
008 191004s1993 hu o 0|| hun d
040 |a SZTE Délmagyarország Archívum  |b hun 
041 |a hun 
100 2 |a Szabó C. Szilárd 
245 1 0 |a Felmentették Mónus Áront   |h [elektronikus dokumentum] :  |b az ügyész még gondolkodik /  |c  Szabó C. Szilárd 
260 |c 1993-12-09 
300 |a 5 
490 0 |a Délmagyarország  |v 83 No. 287 
695 |a Mónus Áron, Hódmezővásárhely 
700 0 1 |a Mónus Áron  |e aut